[Event "Titled Tue 3rd Jan Late"]
[Site "chess.com INT"]
[Date "2025.06.03"]
[Round "1"]
[White "Schuster, Karsten"]
[Black "Zlatkov, Anton"]
[Result "1-0"]
[WhiteTitle "FM"]
[BlackTitle "FM"]
[WhiteElo "2266"]
[BlackElo "2322"]
[WhiteFideId "4611071"]
[BlackFideId "15005402"]
[EventDate "2025.06.03"]

1. d4 Nf6 2. c4 e6 3. Nc3 Bb4 4. Qc2 d5 5. cxd5 exd5 6. Nf3 h6 7. Bf4 O-O 8. e3
c5 9. Rd1 Nc6 10. a3 Bxc3+ 11. bxc3 Qa5 12. Bd6 Rd8 13. Bxc5 Bg4 14. Bb4 Nxb4
15. axb4 Qa3 16. Rc1 Rac8 17. Ne5 Bf5 18. Bd3 Bxd3 19. Nxd3 b6 20. O-O Ne4 21.
Ra1 Qxc3 22. Qxc3 Rxc3 23. Ne5 f6 24. Ng6 Rd7 25. Rfc1 Kf7 26. Rxc3 Nxc3 27. Nf4
g5 28. Nd3 Rc7 29. Kf1 Ke6 30. Ke1 Kd6 31. f3 Nb5 32. Kd2 Ke6 33. g4 Nd6 34. h3
Nc4+ 35. Ke2 Kd6 36. e4 Re7 37. Nf2 Kc6 38. Kd3 Kb5 39. Nd1 dxe4+ 40. fxe4 Nd6
41. Nc3+ Kc6 42. Rf1 Rf7 43. Nd5 Kb5 44. Rxf6 Rxf6 45. Nxf6 Kxb4 46. e5 Nc8 47.
e6 Ne7 48. Ke4 Kc4 49. Nd7 b5 50. Ne5+ Kc3 51. d5 Nc8 52. Nf7 b4 53. d6 1-0

[Event "Titled Tue 3rd Jan Late"]
[Site "chess.com INT"]
[Date "2025.06.03"]
[Round "1"]
[White "Elier, Ali"]
[Black "Mekhitarian, Krikor Sevag"]
[Result "0-1"]
[WhiteTitle "CM"]
[BlackTitle "GM"]
[WhiteElo "2142"]
[BlackElo "2564"]
[WhiteFideId "16217543"]
[BlackFideId "2107660"]
[EventDate "2025.06.03"]

1. c4 b6 2. g3 Bb7 3. Nf3 c5 4. Bg2 g6 5. O-O Bg7 6. Nc3 Nf6 7. b3 d5 8. cxd5
Nxd5 9. Bb2 O-O 10. Rc1 Nc6 11. Qc2 Ncb4 12. Qb1 Nc7 13. a3 Nc6 14. Rfd1 Ne6 15.
e3 Rc8 16. Ne2 Bxb2 17. Qxb2 Qd3 18. Nc3 Rfd8 19. b4 cxb4 20. axb4 Qd6 21. b5
Na5 22. d3 Rc7 23. h4 Rdc8 24. Ne4 Bxe4 25. dxe4 Rxc1 26. Rxc1 Rxc1+ 27. Qxc1
Nc5 28. e5 Qd5 29. Qc3 Qc4 30. Qd2 Qd3 31. Qb2 Ne4 32. Nd4 Qc3 33. Qb1 Nd2 34.
Qd1 Nac4 35. h5 Nxe5 36. h6 Qb2 37. Bc6 Qb1 38. Qxb1 Nxb1 39. Bg2 Nc3 40. Nc6
Nxc6 41. bxc6 Nb5 42. Bd5 e6 43. Bc4 Nc7 44. f4 Kf8 45. e4 b5 46. Bd3 a5 47. e5
a4 48. Kf2 b4 49. Ke3 Ke7 50. Kd4 b3 51. Kc3 Nd5+ 52. Kb2 Kd8 53. Ka3 Kc7 54.
Kxa4 b2 55. Kb3 Kxc6 56. Kxb2 Kc5 57. Kc2 Kd4 58. Bb5 Ne3+ 59. Kd2 Nf5 60. g4
Nxh6 61. g5 Nf5 62. Bc6 Ng3 63. Ke1 Nh5 64. Be8 Nxf4 65. Bxf7 Kxe5 66. Bg8 Nh3
67. Bxh7 Kf5 68. Ke2 Nxg5 69. Bg8 Kf6 70. Ke3 Kg7 0-1

[Event "Titled Tue 3rd Jan Late"]
[Site "chess.com INT"]
[Date "2025.06.03"]
[Round "1"]
[White "Alekseev, Evgeny"]
[Black "Kocharin, Timur"]
[Result "1-0"]
[WhiteTitle "GM"]
[BlackTitle "FM"]
[WhiteElo "2516"]
[BlackElo "2324"]
[WhiteFideId "4138147"]
[BlackFideId "16240936"]
[EventDate "2025.06.03"]

1. e4 c6 2. d4 d5 3. e5 Bf5 4. h4 a6 5. h5 c5 6. dxc5 Nc6 7. c3 Nxe5 8. Bf4 Nc6
9. Nf3 f6 10. Nd4 Bd7 11. Be3 e5 12. Nxc6 bxc6 13. Nd2 Ne7 14. Bd3 Nf5 15. Bxf5
Bxf5 16. Qa4 Qd7 17. f3 Be7 18. g4 Be6 19. O-O-O O-O 20. Nc4 Qb7 21. Na5 Qb5 22.
Qxb5 cxb5 23. Nc6 Kf7 24. Rhg1 h6 25. Nxe7 Kxe7 26. f4 Kd7 27. Rde1 a5 28. fxe5
fxe5 29. g5 Rf5 30. gxh6 gxh6 31. Rg7+ Kc6 32. Rg6 Kd7 33. Rxh6 Rg8 34. Rh7+ Kc6
35. h6 Rg2 36. Rg7 Rh2 37. Rg6 Kd7 38. c6+ Ke7 39. c7 Bd7 40. Rg8 b4 41. c8=Q
Bxc8 42. Rxc8 bxc3 43. Rxc3 Kd6 44. Rc2 Rxc2+ 45. Kxc2 d4 46. Bd2 Rh5 47. a4 1-0

[Event "Titled Tue 3rd Jan Late"]
[Site "chess.com INT"]
[Date "2025.06.03"]
[Round "1"]
[White "Kalogeris, Ioannis"]
[Black "Chelly, Yahya"]
[Result "0-1"]
[WhiteTitle "IM"]
[BlackTitle "CM"]
[WhiteElo "2443"]
[BlackElo "2039"]
[WhiteFideId "4239563"]
[BlackFideId "5516200"]
[EventDate "2025.06.03"]

1. d4 d5 2. Nf3 Nf6 3. Bg5 e6 4. e3 Be7 5. Bd3 c5 6. dxc5 Bxc5 7. O-O O-O 8.
Nbd2 Nc6 9. e4 dxe4 10. Nxe4 Be7 11. Bxf6 Bxf6 12. c3 h6 13. Qe2 Qe7 14. Ng3 Rd8
15. Nh5 Bd7 16. Rad1 Be8 17. Qe4 g6 18. Nxf6+ Qxf6 19. h4 Ne7 20. Qe3 Ba4 21. b3
Bc6 22. Ne5 Nd5 23. Ng4 Qxh4 24. Nxh6+ Kh7 25. Qf3 Qxh6 26. Qxf7+ Kh8 27. c4 Nf4
28. Qf6+ Kg8 29. f3 Nxd3 30. Qxe6+ Kh7 31. Qe7+ Qg7 32. Qh4+ Kg8 33. Qg4 Ne5 34.
Qe6+ Nf7 35. Rfe1 Rxd1 36. Rxd1 Rf8 37. Qg4 Nh6 38. Qg5 Rf5 39. Qe3 Kh7 40. Rd8
Rf7 41. Rd4 Nf5 42. Rh4+ Nxh4 43. Qg5 Nf5 44. Qf4 Nh6 45. Qe3 Qa1+ 46. Kh2 Qf6
47. Qd3 Qh4+ 48. Kg1 Qe1+ 49. Kh2 Qe5+ 50. Kg1 Qf5 51. Qd4 Qf4 52. Qxa7 Rd7 53.
Qc5 Qd4+ 0-1

[Event "Titled Tue 3rd Jan Late"]
[Site "chess.com INT"]
[Date "2025.06.03"]
[Round "1"]
[White "Bilous, Mykhailo"]
[Black "Paravyan, David"]
[Result "0-1"]
[WhiteTitle "IM"]
[BlackTitle "GM"]
[WhiteElo "2419"]
[BlackElo "2596"]
[WhiteFideId "14127555"]
[BlackFideId "4194985"]
[EventDate "2025.06.03"]

1. d4 d5 2. c4 e6 3. Nc3 Nf6 4. cxd5 Nxd5 5. e4 Nxc3 6. bxc3 c5 7. Nf3 cxd4 8.
cxd4 Bb4+ 9. Bd2 Bxd2+ 10. Qxd2 O-O 11. Bc4 Nd7 12. O-O b6 13. Rad1 Bb7 14. Rfe1
Nf6 15. d5 exd5 16. exd5 Qd6 17. Nd4 g6 18. Bb3 Rad8 19. Nb5 Qc5 20. Qd4 Qxd4
21. Rxd4 Bxd5 22. Nxa7 Bxb3 23. Rxd8 Rxd8 24. axb3 Rd3 25. Rb1 Ne4 26. Nc8 b5
27. f3 Nd2 28. Re1 Rxb3 29. Nd6 b4 30. Re7 Rb1+ 31. Kf2 b3 32. Ke2 Rg1 33. Kxd2
b2 34. Rb7 b1=Q 35. Rxb1 Rxb1 36. Ke2 Rb2+ 37. Kf1 Rc2 38. h3 Kg7 39. Kg1 f5 40.
Kh2 Kf6 41. Kg3 Ke6 42. Nb5 Ke5 43. Na3 f4+ 44. Kh2 Rc1 45. Nb5 g5 46. Na3 h6
47. Nb5 Rc5 48. Na3 Kd4 49. Nb1 Kd3 50. Na3 Ra5 0-1

[Event "Titled Tue 3rd Jan Late"]
[Site "chess.com INT"]
[Date "2025.06.03"]
[Round "1"]
[White "Toktomushev, Teimur"]
[Black "Yue, Tariq"]
[Result "1-0"]
[WhiteTitle "FM"]
[BlackTitle "CM"]
[WhiteElo "2398"]
[BlackElo "2192"]
[WhiteFideId "14176726"]
[BlackFideId "30975182"]
[EventDate "2025.06.03"]

1. d4 Nf6 2. c4 g6 3. Nc3 Bg7 4. e4 d6 5. f3 O-O 6. Be3 b6 7. Nge2 c5 8. Qd2 Nc6
9. O-O-O cxd4 10. Nxd4 Nxd4 11. Bxd4 Be6 12. Kb1 a6 13. h4 h5 14. g4 hxg4 15. h5
Nxh5 16. Bxg7 Nxg7 17. Qh6 f5 18. Qxg6 Rf6 19. Qh7+ Kf7 20. e5 Rg6 21. fxg4 Qg8
22. Qh2 Rxg4 23. Be2 Rg6 24. exd6 exd6 25. Qxd6 Qb8 26. Qd4 Qc7 27. Rh7 Qc5 28.
Bh5 Qxd4 29. Rxd4 Rc8 30. Rd6 Re8 31. Nd5 f4 32. Nxf4 Bf5+ 33. Kc1 Kg8 34. Bxg6
Bxg6 35. Rxg7+ Kxg7 36. Rxg6+ Kf7 37. Rxb6 Re4 38. Nd5 Rxc4+ 39. Nc3 a5 40. Ra6
Rc5 41. Kc2 Ke7 42. Kb3 Kd7 43. Ka4 Rc4+ 44. Kxa5 Rh4 45. b4 Kc7 46. Rg6 Rh3 47.
Nb5+ Kb7 48. a4 Rh7 49. Nd6+ Ka7 50. b5 Rd7 51. b6+ Kb8 52. Rg8+ 1-0

[Event "Titled Tue 3rd Jan Late"]
[Site "chess.com INT"]
[Date "2025.06.03"]
[Round "1"]
[White "Ivanov, Andrey A."]
[Black "Goryachkina, Aleksandra"]
[Result "1-0"]
[WhiteTitle "CM"]
[BlackTitle "GM"]
[WhiteElo "2103"]
[BlackElo "2544"]
[WhiteFideId "2514311"]
[BlackFideId "4147103"]
[EventDate "2025.06.03"]

1. Nf3 Nf6 2. d4 d5 3. c4 e6 4. Nc3 a6 5. cxd5 exd5 6. Bg5 Be6 7. e3 Nbd7 8. Bd3
c6 9. Qc2 h6 10. Bf4 Be7 11. O-O O-O 12. h3 Re8 13. Rab1 a5 14. a4 Qb6 15. Bf5
Bxf5 16. Qxf5 Qd8 17. Rbc1 g6 18. Qd3 Bf8 19. Ne5 Nxe5 20. Bxe5 Nd7 21. Bg3 Bg7
22. Ne2 Nf6 23. Nc3 Qe7 24. Rfd1 Ne4 25. Nxe4 Qxe4 26. Qb3 Qe7 27. Qb6 Rec8 28.
Rc3 Ra6 29. Qb3 Qb4 30. Qc2 Rb6 31. b3 Bf8 32. Rc1 Ra6 33. Qd3 Raa8 34. Bf4 Re8
35. R3c2 h5 36. Be5 Qb6 37. Rf1 Bg7 38. Bxg7 Kxg7 39. Rc5 Re6 40. Rfc1 Qd8 41.
Qd2 g5 42. Qe2 Kg6 43. Qd3+ f5 44. R5c2 g4 45. hxg4 hxg4 46. g3 Qh8 47. Qf1 Re7
48. Qg2 Rh7 49. Rxc6+ bxc6 50. Rxc6+ Kg7 51. Qxd5 Qe8 52. Re6 Qf7 53. Qe5+ Kg8
54. Qd5 Re8 55. Rxe8+ 1-0

[Event "Titled Tue 3rd Jan Late"]
[Site "chess.com INT"]
[Date "2025.06.03"]
[Round "1"]
[White "Przybylski, Wojciech"]
[Black "Sanchez Negreiros, Jose Alberto"]
[Result "0-1"]
[WhiteTitle "FM"]
[BlackTitle "FM"]
[WhiteElo "2340"]
[BlackElo "2231"]
[WhiteFideId "1117599"]
[BlackFideId "3851516"]
[EventDate "2025.06.03"]

1. e4 e5 2. Nf3 Nc6 3. d4 exd4 4. Nxd4 Nf6 5. Nxc6 bxc6 6. e5 Qe7 7. Qe2 Nd5 8.
c4 Ba6 9. b3 O-O-O 10. Bb2 Qg5 11. Nd2 Bb4 12. g3 Nc3 13. f4 Qg6 14. Qe3 Qc2 15.
Bxc3 Bxc3 16. Bd3 Qb2 17. Rb1 Qxa2 18. Bf5 Bb4 19. Ke2 Qa5 20. Ra1 Bxd2 21. Rxa5
Bxe3 22. Kxe3 Bb7 23. c5 Kb8 24. Rd1 Bc8 25. Ra4 Rhe8 26. Rb4+ Ka8 27. Rbd4 d5
28. cxd6 Bxf5 29. Kf3 cxd6 30. exd6 Be6 31. R1d3 Bd5+ 32. Kg4 Rxd6 33. b4 h5+
34. Kg5 Rg6+ 35. Kh4 Rg4+ 36. Kh3 a6 37. Rd2 Kb7 38. f5 Rxd4 39. Rxd4 Re4 40.
Rd2 Rxb4 41. Re2 Kb6 42. Re8 a5 43. Rg8 Rg4 44. Rb8+ Kc5 45. f6 Rg6 46. Rg8 gxf6
47. Ra8 Kb4 48. Rb8+ Ka3 49. Ra8 a4 50. Rb8 Bb3 51. Rb6 Kb2 52. Rxc6 a3 53. Rd6
a2 54. Rd2+ Bc2 55. g4 a1=Q 56. gxh5 Qf1+ 57. Kh4 Qf4+ 58. Kh3 Qg4# 0-1

[Event "Titled Tue 3rd Jan Late"]
[Site "chess.com INT"]
[Date "2025.06.03"]
[Round "1"]
[White "Silva, Luca"]
[Black "Escareno Rojas, Angel Salvador"]
[Result "1-0"]
[WhiteTitle "FM"]
[WhiteElo "2227"]
[BlackElo "1965"]
[WhiteFideId "147370"]
[BlackFideId "5107733"]
[EventDate "2025.06.03"]

1. e4 c5 2. Nf3 d6 3. Bb5+ Bd7 4. Bxd7+ Nxd7 5. c3 Ngf6 6. Qe2 e6 7. d4 cxd4 8.
cxd4 d5 9. e5 Ne4 10. Nbd2 Bb4 11. O-O Nxd2 12. Bxd2 Bxd2 13. Qxd2 O-O 14. Rac1
Nb6 15. Rc3 Nc4 16. Qc1 Rc8 17. h4 Qa5 18. a3 Rc6 19. h5 h6 20. g4 Rfc8 21. Kg2
Nxa3 22. Rxc6 Rxc6 23. Qf4 Nc4 24. g5 hxg5 25. Nxg5 Rc7 26. Rd1 Qa4 27. Rd3 Qc2
28. Rg3 Qf5 29. Qh4 Nxb2 30. h6 g6 31. h7+ Kh8 32. Nf3 Rc8 33. Rg5 Qb1 34. Rg4
Qf5 35. Rf4 g5 36. Rxf5 gxh4 37. Rxf7 Nd3 38. Rxb7 Nf4+ 39. Kh2 Rc2 40. Kg1 Rc1+
41. Kh2 Rf1 42. Ng5 Rxf2+ 43. Kh1 h3 44. Rb8+ Kg7 45. h8=Q+ Kg6 46. Qh7+ Kxg5
47. Rg8+ Ng6 48. Qxg6+ Kf4 49. Qg3+ Ke4 50. Rg4+ Rf4 51. Rxf4# 1-0

[Event "Titled Tue 3rd Jan Late"]
[Site "chess.com INT"]
[Date "2025.06.03"]
[Round "1"]
[White "Ismagilov, Damir"]
[Black "Amarasinghe, A A C B"]
[Result "1-0"]
[WhiteTitle "CM"]
[BlackTitle "CM"]
[WhiteElo "2173"]
[BlackElo "1949"]
[WhiteFideId "34199982"]
[BlackFideId "9901809"]
[EventDate "2025.06.03"]

1. d4 Nf6 2. c4 e6 3. Nc3 Bb4 4. e3 c5 5. Ne2 cxd4 6. exd4 d5 7. a3 Be7 8. c5 b6
9. b4 a5 10. Bf4 axb4 11. axb4 Rxa1 12. Qxa1 Nc6 13. Qa4 bxc5 14. dxc5 Bd7 15.
b5 Qc8 16. bxc6 Bxc6 17. Qa7 Nd7 18. Bd6 Bxd6 19. cxd6 O-O 20. Nd4 e5 21. Ba6
Qa8 22. Qxa8 Rxa8 23. Nxc6 Rxa6 24. Ne7+ Kf8 25. Nexd5 Rxd6 26. Ke2 f5 27. Ra1
e4 28. Ra8+ Kf7 29. Ra7 Ke6 30. Nc7+ Ke5 31. Ra5+ Kf4 32. N3d5+ Kg5 33. Ne3 g6
34. g4 Rc6 35. Na6 Rf6 36. Nc5 Nxc5 37. Rxc5 Rf8 38. Kf1 Kf4 39. gxf5 gxf5 40.
h4 Rf7 41. Rd5 h5 42. Kg2 Rg7+ 43. Kh3 Rf7 44. Rb5 Kf3 45. Nxf5 1-0

[Event "Titled Tue 3rd Jan Late"]
[Site "chess.com INT"]
[Date "2025.06.03"]
[Round "1"]
[White "Dogan, Umut Anil"]
[Black "Morais, Renan de Souza Stockler"]
[Result "1-0"]
[WhiteTitle "CM"]
[BlackTitle "CM"]
[WhiteElo "2123"]
[BlackElo "1703"]
[WhiteFideId "51618060"]
[BlackFideId "2187701"]
[EventDate "2025.06.03"]

1. d4 d5 2. Nc3 Nf6 3. Bf4 Bf5 4. e3 e6 5. Bd3 Bxd3 6. Qxd3 Nbd7 7. Nf3 h6 8.
O-O Be7 9. e4 dxe4 10. Nxe4 c6 11. Nd6+ Bxd6 12. Bxd6 Nd5 13. c4 Ne7 14. Rfe1
O-O 15. d5 cxd5 16. cxd5 Nf6 17. dxe6 Ne8 18. Rad1 Nxd6 19. Qxd6 Qxd6 20. Rxd6
fxe6 21. Rd7 Ng6 22. Rxe6 Rxf3 23. gxf3 Nf8 24. Ree7 Nxd7 25. Rxd7 b6 26. Kg2
Kh7 27. Kg3 h5 28. f4 Kg6 29. Rd6+ Kf5 30. Rd5+ Kg6 31. Kh4 Rc8 32. Rb5 Rc2 33.
Kg3 Rc7 34. a4 Rc6 35. h3 a6 36. Rg5+ Kh6 37. Re5 Rg6+ 38. Kf3 Rd6 39. h4 Rd3+
40. Ke4 Rb3 41. Re6+ g6 42. f5 Rxb2 43. Rxg6+ Kh7 44. f4 Rb4+ 45. Ke5 Rxa4 46.
Rxb6 Ra1 47. Kf6 a5 48. Rb7+ Kg8 49. Kg6 Kf8 50. Kxh5 a4 51. Kh6 a3 52. h5 Rf1
53. Ra7 Rxf4 54. Kg6 Rf3 55. h6 Rg3+ 56. Kf6 Rh3 57. Ra8# 1-0

[Event "Titled Tue 3rd Jan Late"]
[Site "chess.com INT"]
[Date "2025.06.03"]
[Round "1"]
[White "Schnaider, Ilan"]
[Black "Fedorov, Artem Alek"]
[Result "1-0"]
[WhiteTitle "IM"]
[BlackTitle "CM"]
[WhiteElo "2388"]
[BlackElo "2198"]
[WhiteFideId "169013"]
[BlackFideId "34418431"]
[EventDate "2025.06.03"]

1. e4 c5 2. Nf3 e6 3. d4 cxd4 4. Nxd4 Nf6 5. Nc3 Nc6 6. Ndb5 Bc5 7. Nd6+ Ke7 8.
Bf4 e5 9. Nf5+ Kf8 10. Bg5 d6 11. Bc4 Be6 12. Bb3 h6 13. Be3 Bb4 14. Qf3 Bxf5
15. Qxf5 Nd4 16. Qh3 Nxe4 17. O-O Nxb3 18. axb3 Nxc3 19. bxc3 Bxc3 20. Rxa7 Rxa7
21. Bxa7 Qc7 22. Bb6 Qc6 23. Rd1 Ke7 24. Be3 Ra8 25. Qh4+ Kf8 26. h3 Ra1 27.
Qd8+ Qe8 28. Qxd6+ Kg8 29. Rxa1 Bxa1 30. c4 Qa8 31. b4 Qa2 32. c5 Qb1+ 33. Kh2
Qxb4 34. Qb8+ Kh7 35. c6 e4 36. cxb7 Qb5 37. Bf4 g5 38. Qc7 gxf4 39. b8=Q Qf5
40. Qf8 Kg6 41. Qg8+ Bg7 42. Qd6+ f6 43. Qe8+ Kh7 44. Qdd7 Qg5 45. Qxe4+ Qg6 46.
Qdf5 Qxf5 47. Qxf5+ Kg8 48. Qxf4 Kf7 49. Qf5 Kg8 50. h4 Kf7 51. h5 Kg8 52. Qg6
Kf8 53. Kg3 Kg8 54. Kg4 Kf8 55. Kf5 Kg8 56. Ke6 Kf8 57. Qf7# 1-0

[Event "Titled Tue 3rd Jan Late"]
[Site "chess.com INT"]
[Date "2025.06.03"]
[Round "1"]
[White "Hamedi Nia, Vesal"]
[Black "Kobalia, Mikhail"]
[Result "1/2-1/2"]
[WhiteTitle "WIM"]
[BlackTitle "GM"]
[WhiteElo "2010"]
[BlackElo "2538"]
[WhiteFideId "12542253"]
[BlackFideId "4119150"]
[EventDate "2025.06.03"]

1. d4 d5 2. c4 e6 3. Nc3 Bb4 4. Nf3 Ne7 5. Bg5 h6 6. Bh4 O-O 7. e3 Qe8 8. Bd3
dxc4 9. Bxc4 Nf5 10. Bg3 c5 11. a3 cxd4 12. axb4 dxc3 13. bxc3 Qc6 14. Qb3 b5
15. Be2 Bb7 16. O-O Nd7 17. Rfd1 Rfc8 18. Bf1 Nf6 19. Nd4 Nxd4 20. cxd4 a6 21.
Qb2 Ne4 22. Rac1 Qd7 23. Be5 f6 24. Bf4 g5 25. Bg3 h5 26. f3 Nxg3 27. hxg3 Rxc1
28. Rxc1 Rc8 29. Rxc8+ Qxc8 30. Qb1 Kg7 31. Qb3 Bd5 32. Qa3 Bc4 33. Kf2 Qc6 34.
Qa1 Qd6 35. Qc3 Qc6 36. e4 Qd6 37. Bxc4 Qc7 38. Ke3 bxc4 39. d5 exd5 40. exd5
Qb6+ 41. Ke2 Qb5 42. d6 Kg6 43. d7 Qxd7 44. Qxc4 Qe7+ 45. Kf2 Qd6 46. Qg8+ Kf5
47. Qh7+ Ke6 48. Qxh5 Qxb4 49. Qe8+ Qe7 50. Qc8+ Ke5 51. Qxa6 Qc5+ 52. Ke2 Qg1
53. Qb5+ Kd6 54. Qb4+ Ke6 55. Qe4+ Kf7 56. Qh7+ Ke6 57. Qe4+ Kf7 58. Qh7+ Ke6
59. Qe4+ 1/2-1/2

[Event "Titled Tue 3rd Jan Late"]
[Site "chess.com INT"]
[Date "2025.06.03"]
[Round "1"]
[White "Garg, Priyansh"]
[Black "Leiva, Gianmarco"]
[Result "1-0"]
[BlackTitle "IM"]
[WhiteElo "2102"]
[BlackElo "2387"]
[WhiteFideId "30984696"]
[BlackFideId "3804399"]
[EventDate "2025.06.03"]

1. d4 d5 2. Nc3 Nf6 3. Bf4 a6 4. e3 b6 5. Bd3 Bb7 6. g4 e6 7. g5 Ne4 8. h4 Bd6
9. Nf3 Nxc3 10. bxc3 Nc6 11. c4 Bxf4 12. exf4 dxc4 13. Bxc4 Qd6 14. c3 Nxd4 15.
Qxd4 Qxd4 16. cxd4 Bxf3 17. Rh3 Bd5 18. Bxd5 exd5 19. Rc1 Kd7 20. Rhc3 Rac8 21.
f3 c6 22. a4 Kd6 23. Kd2 c5 24. Rb3 c4 25. Rxb6+ Rc6 26. Rcb1 Rc8 27. Kc3 Rxb6
28. Rxb6+ Rc6 29. Rb7 Ke6 30. f5+ Kxf5 31. Rxf7+ Kg6 32. Rd7 Kh5 33. Rxg7 Kxh4
34. f4 Kg4 35. Rxh7 Kxf4 36. Rd7 Ke4 37. Re7+ Kf4 38. Re5 Rd6 39. g6 Rxg6 40.
Rxd5 Rg1 41. Kxc4 Rc1+ 42. Kd3 Rd1+ 43. Kc2 Ra1 44. Kb3 Ke4 45. Rd8 Rb1+ 46. Kc4
Rc1+ 47. Kb4 Rd1 48. Kc5 Rc1+ 49. Kb6 Rc4 50. a5 Rc1 51. Kxa6 Rb1 52. Ka7 Rb5
53. a6 Rb4 54. Ka8 Rb6 55. a7 Rb1 56. Rb8 Rg1 57. Re8+ Kd5 58. Kb8 Rb1+ 59. Kc7
Rc1+ 60. Kd7 Rc6 61. a8=Q Kc4 62. Qxc6+ Kd3 63. d5 Kd4 64. d6 Kd3 65. Kc8 Kd4
66. d7 1-0

[Event "Titled Tue 3rd Jan Late"]
[Site "chess.com INT"]
[Date "2025.06.03"]
[Round "1"]
[White "Makaraci, Tunahan"]
[Black "Ibarra Jerez, Jose Carlos"]
[Result "0-1"]
[WhiteTitle "FM"]
[BlackTitle "GM"]
[WhiteElo "2233"]
[BlackElo "2545"]
[WhiteFideId "6356559"]
[BlackFideId "2226332"]
[EventDate "2025.06.03"]

1. e4 c5 2. c3 Nf6 3. e5 Nd5 4. Nf3 Nc6 5. Bc4 Nb6 6. Bb3 g6 7. d4 cxd4 8. Ng5
d5 9. exd6 e6 10. Qf3 f6 11. Ne4 f5 12. Ng5 Qxd6 13. O-O Bg7 14. Bf4 Be5 15.
Bxe5 Nxe5 16. Qe2 d3 17. Qe3 h6 18. Nf3 Nec4 19. Qe1 Nxb2 20. Nbd2 O-O 21. a4
Qc5 22. a5 N6c4 23. Nd4 Nxd2 24. Qxd2 Nc4 25. Qxh6 Rf6 26. Nf3 Ne5 27. Ng5 Qe7
28. Rfe1 Nf7 29. Qh7+ Kf8 30. Nxf7 Qxf7 31. Qh8+ Ke7 32. Rad1 b6 33. Rxd3 Bb7
34. Qh4 Kf8 35. Rh3 Rd8 36. Qb4+ Kg8 37. Rg3 Kg7 38. axb6 axb6 39. Qxb6 Rd2 40.
h4 Be4 41. Qe3 Rd3 42. Qf4 Rxg3 43. Qxg3 Qb7 44. f3 f4 45. Qg5 Qxb3 46. fxe4
Qxc3 47. Rf1 Qe3+ 48. Kh1 Qxe4 49. h5 Qf5 50. h6+ Kh7 51. Qh4 g5 52. Qh5 Rxh6
53. Qxh6+ Kxh6 0-1

[Event "Titled Tue 3rd Jan Late"]
[Site "chess.com INT"]
[Date "2025.06.03"]
[Round "1"]
[White "Stankovic, Boris"]
[Black "Sobek, Jaroslav"]
[Result "1-0"]
[WhiteTitle "FM"]
[BlackTitle "FM"]
[WhiteElo "2298"]
[BlackElo "2195"]
[WhiteFideId "985317"]
[BlackFideId "301388"]
[EventDate "2025.06.03"]

1. e4 c5 2. Nf3 a6 3. c4 Nc6 4. Nc3 g6 5. d4 cxd4 6. Nxd4 Bg7 7. Be3 Nf6 8. Be2
O-O 9. O-O d6 10. f3 Bd7 11. Qd2 Rb8 12. a4 Rc8 13. Rab1 Nxd4 14. Bxd4 Be6 15.
Nd5 Bxd5 16. exd5 Nd7 17. Bxg7 Kxg7 18. a5 b6 19. Ra1 bxa5 20. Qxa5 Rb8 21. Qc3+
Kg8 22. Rxa6 Nc5 23. Ra2 Rb3 24. Qd4 Qb6 25. Rd1 Rb8 26. Rd2 Rb4 27. h4 h5 28.
g4 hxg4 29. fxg4 Ne4 30. Qxb6 R8xb6 31. Rc2 Nf6 32. Kf2 Rb3 33. h5 Ne4+ 34. Ke1
Kg7 35. hxg6 fxg6 36. Ra7 Kf6 37. Ra2 Rb7 38. Bf1 Kg5 39. Bg2 Nc5 40. Kd2 Nd7
41. Kc1 Ne5 42. Bf1 Rf3 43. Be2 Rf4 44. c5 dxc5 45. Rxc5 Rd7 46. Kd2 Rd4+ 47.
Ke3 Rb4 48. Rc2 Rxd5 49. Ra3 Rd7 50. Rac3 1-0

[Event "Titled Tue 3rd Jan Late"]
[Site "chess.com INT"]
[Date "2025.06.03"]
[Round "1"]
[White "Alizadeh, Mohammad Mahdi"]
[Black "Aravindhan, Achyuth"]
[Result "0-1"]
[WhiteTitle "CM"]
[BlackTitle "CM"]
[WhiteElo "2015"]
[BlackElo "2098"]
[WhiteFideId "22598820"]
[BlackFideId "1084216"]
[EventDate "2025.06.03"]

1. d4 Nf6 2. Nf3 g6 3. g3 Bg7 4. Bg2 O-O 5. O-O b6 6. Ne5 d5 7. c4 Bb7 8. Nc3 c6
9. cxd5 cxd5 10. Bf4 Nc6 11. Rc1 Rc8 12. Qa4 a5 13. Rfd1 e6 14. Nb5 Nh5 15. Nxc6
Bxc6 16. Be3 Qd7 17. Rxc6 Rxc6 18. Nc3 Rfc8 19. Qb5 Nf6 20. h3 Qb7 21. Na4 Ne8
22. Nc5 Qe7 23. Nd3 Nd6 24. Qb3 Nc4 25. Nf4 Qd7 26. Kh2 Nxe3 27. fxe3 Bf8 28. e4
dxe4 29. Bxe4 Rd6 30. e3 Bh6 31. Nd3 Qe7 32. Ne5 Bg7 33. Nf3 Qc7 34. Rd2 Qd7 35.
Kg2 e5 36. Qd3 exd4 37. exd4 Rd8 38. g4 Bxd4 39. Qb3 Bg7 40. Rf2 Rd1 41. Ng5 Rf8
42. Nxf7 Rxf7 43. Rxf7 Qxf7 44. Qxd1 Qe7 45. Qd5+ Kh8 46. Qa8+ Bf8 47. Qd5 Bg7
48. Qa8+ Bf8 49. a3 Qf6 50. b4 Qb2+ 0-1

[Event "Titled Tue 3rd Jan Late"]
[Site "chess.com INT"]
[Date "2025.06.03"]
[Round "1"]
[White "Kaczur, Florian"]
[Black "Borisov, Yuri"]
[Result "1-0"]
[WhiteTitle "IM"]
[BlackTitle "FM"]
[WhiteElo "2500"]
[BlackElo "2285"]
[WhiteFideId "705098"]
[BlackFideId "1503928"]
[EventDate "2025.06.03"]

1. e4 e6 2. g3 d5 3. d3 Nf6 4. Bg2 c5 5. Bg5 Be7 6. Nc3 d4 7. Nce2 Nc6 8. Nf3
O-O 9. O-O h6 10. Bf4 Nh5 11. Bd2 e5 12. c3 f5 13. cxd4 cxd4 14. exf5 Bxf5 15.
Qb3+ Kh7 16. h3 Bd7 17. g4 Nf6 18. Ng3 Rb8 19. g5 Ng8 20. gxh6 Nxh6 21. Rae1
Bxh3 22. Nxe5 Bxg2 23. Kxg2 Nxe5 24. Rxe5 Bd6 25. Rg5 Bf4 26. Bxf4 Rxf4 27. Qd5
Qxd5+ 28. Rxd5 Rbf8 29. f3 Nf5 30. Rh1+ Kg8 31. Nxf5 R8xf5 32. Rxf5 Rxf5 33. Rh4
Rc5 34. Rxd4 Rc2+ 35. Kg3 Rxb2 36. a4 a6 37. Kf4 Kf7 38. Ke5 Ke7 39. Rg4 Kf7 40.
d4 b5 41. d5 Re2+ 42. Kd6 Ra2 43. Rf4+ Ke8 44. axb5 axb5 45. Rb4 Rf2 46. f4 Kd8
47. Rxb5 Kc8 48. Rb4 g6 49. Re4 Kd8 50. Ra4 Ke8 51. Ke5 Re2+ 52. Kf6 Rd2 53.
Re4+ Kd7 54. Kxg6 Rxd5 55. f5 Rd3 56. f6 Rg3+ 57. Kf7 Rg1 58. Rd4+ Kc6 59. Ke7
Kc5 60. Rd2 Re1+ 61. Kf8 Kc6 62. f7 Rf1 63. Rg2 Kd7 64. Kg7 1-0

[Event "Titled Tue 3rd Jan Late"]
[Site "chess.com INT"]
[Date "2025.06.03"]
[Round "1"]
[White "Arakelyan, Manvel"]
[Black "Lacasa Diaz, Josep Anton"]
[Result "1-0"]
[WhiteTitle "FM"]
[BlackTitle "IM"]
[WhiteElo "2326"]
[BlackElo "2304"]
[WhiteFideId "13317415"]
[BlackFideId "2203375"]
[EventDate "2025.06.03"]

1. e4 e5 2. Nf3 Nc6 3. Nc3 Nf6 4. d4 exd4 5. Nxd4 Bb4 6. Nxc6 bxc6 7. Bd3 d5 8.
exd5 O-O 9. O-O cxd5 10. h3 c6 11. Qf3 h6 12. Bf4 Bd6 13. Ne2 Qc7 14. Rad1 Bxf4
15. Nxf4 Rb8 16. b3 Re8 17. c4 d4 18. Rfe1 Bd7 19. Bf1 c5 20. Nd3 Bc6 21. Qf5
Ne4 22. Nxc5 Re5 23. Na6 Rxf5 24. Nxc7 Rd8 25. Nd5 Bxd5 26. cxd5 Nc3 27. Rxd4
Rfxd5 28. Rxd5 Rxd5 29. Bc4 Rd7 30. a4 a5 31. Re5 Ra7 32. Rc5 Na2 33. g3 g6 34.
h4 h5 35. Kf1 Kg7 36. Rd5 Nb4 37. Re5 Kf6 38. Rb5 Nc2 39. Rc5 Nd4 40. Rd5 Ne6
41. Rd6 Ke5 42. Rd5+ Kf6 43. Ke2 Re7 44. Kf3 Ra7 45. Ke3 Ke7 46. f4 Kf6 47. Re5
Ng7 48. Rc5 Ne6 49. Rc6 Ke7 50. Bxe6 fxe6 51. Ke4 Kf6 52. Rb6 Rc7 53. Rb5 Rc3
54. Rxa5 Rxb3 55. Rg5 Ra3 56. a5 Ra4+ 57. Kd3 Ra1 58. Kc4 Ra3 59. Kb5 e5 60.
fxe5+ Kf7 61. e6+ Kxe6 62. Rxg6+ Kf7 63. Rg5 Kf6 64. Kb6 Ra1 65. a6 Rb1+ 66. Rb5
Ra1 67. a7 Rxa7 68. Kxa7 1-0